000 01414nam0a22002891 4500
001 rc\4185967
005 20130415193012.5
021 _aRU
_b[51-6731]
035 _a(NLR Aleph) 008193269
090 _a7989601
_c7989601
100 _a20130415d1951 |||y0rusy50 ca
101 0 _arus
102 _aRU
105 _aa z |||||
200 1 _aБорьба с паразитарными заболеваниями сельскохозяйственных животных при отгоннопастбищном содержании
_fАкад. наук Каз. ССР. Каз. филиал ВАСХНИЛ и Ин-т ветеринарии
210 _aАлма-Ата
_cИзд-во Акад. наук Каз. ССР
_d1951
215 _a130 с., 1 л. "Календарь противопаразитарных мероприятий"
_cил.
_d21
225 1 _aНаучно-популярная серия
606 _aПастбища
_yКазахстан
_2psbo
606 _aПаразитарные болезни с.-х. животных
_xЭпизоотии при отгонном содержании
_yКазахстан
_2psbo
700 1 _aЦелищев
_bА. А.
_f1898-1950
_gАркадий Андреевич
701 1 _aБоев
_bС. Н.
_gСергей Николаевич
801 0 _aRU
_bNLR
_gpsbo
801 1 _aRU
_bELAR
_2rusmarc
852 _aNLR
_jВт02 Г-3/85
942 _cBOOK
980 _aNB